00881cam a22002173a 45000010005000000030006000050050017000110080041000280400015000690420007000840500006000911000042000972450092001392600029002315000241002605060030005015160020005316530043005518300028005948560041006226348PGUSA20140828083131.0040801s2004||||xxu|||||s|||||000 | eng d aPGUSAbeng adc 4aZ1 aLibrary of Congress. Copyright Office10aCopyright Renewals 1953h[electronic resource] /cLibrary of Congress. Copyright Office bProject Gutenberg,c2004 aAll Project Gutenberg etexts of U. S. Copyright Renewals have been reposted, in their six-monthly volumes, as etext #11801 through #11856 inclusive. A combined, complete edition of all Copyright Renewals has been posted as etext #11800. aPublic domain in the USA. aElectronic text aCopyright -- United States -- Catalogs 0aProject Gutenbergv634840uhttp://www.gutenberg.org/ebooks/6348